ბათუმის შოთა რუსთაველის სახელმწიფო უნივერსიტეტის ბიბლიოთეკა

საქართველოს საგადასახადო კოდექსი ძალაშია 2011 წლის 1 იანვრიდან. (ბიბ.ჩანაწერი № 36743)

000 -LEADER
fixed length control field 00653nam a2200193Ia 4500
001 - CONTROL NUMBER
control field 2680
003 - CONTROL NUMBER IDENTIFIER
control field GE_BSU
008 - FIXED-LENGTH DATA ELEMENTS--GENERAL INFORMATION
fixed length control field 181216s||||||||xx |||||||||||||| ||und||
040 ## - CATALOGING SOURCE
Transcribing agency GE_BSU
080 ## - UNIVERSAL DECIMAL CLASSIFICATION NUMBER
Universal Decimal Classification number 342.743(479.22)(094.4)
245 ## - TITLE STATEMENT
Title საქართველოს საგადასახადო კოდექსი ძალაშია 2011 წლის 1 იანვრიდან.
260 ## - PUBLICATION, DISTRIBUTION, ETC.
Place of publication, distribution, etc. თბილისი
260 ## - PUBLICATION, DISTRIBUTION, ETC.
Name of publisher, distributor, etc. შპს
260 ## - PUBLICATION, DISTRIBUTION, ETC.
Date of publication, distribution, etc. 2010
300 ## - PHYSICAL DESCRIPTION
Extent 360 გვ.
653 ## - INDEX TERM--UNCONTROLLED
Uncontrolled term საქართველოს საგადასახადო კოდექსი
942 ## - ADDED ENTRY ELEMENTS (KOHA)
Koha item type წიგნი
ეგზემპლარები
Withdrawn status Lost status Damaged status Not for loan Date acquired Barcode Date last seen Price effective from Koha item type
        2018-12-17 810 2018-12-17 2018-12-17 წიგნი